000 01170nam a22002295i 4500
001 161291
003 ES-MaACL
005 20241214063030.0
008 940620s1762 sp a |||| | spa d
100 1 _aPalafox y Mendoza, Juan de,
_d1600-1659
_9239354
245 1 0 _aObras del ilustrissimo, excelentissimo y venerable siervo de Dios, Don Juan de Palafox y Mendoza ... Obispo de la Puebla de los Angeles, y de Osma... :
_btomo V, tratados espirituales...
260 _aEn Madrid :
_ben la imprenta de don Gabriel Ramirez...,
_c1762.
300 _a[28], 611 p. :
_bil. ;
_cFol.
530 _aDisponible en formato digital.
597 _aSign.: a-c4, d2, A-Z4, 2A-2Z4, 3A-3Z4, 4A-4G4, 4H2.
597 _aPort. con grab. calc. "P.L.f."
599 _aIlustración calc.: "Cruz inv. et Sculp" p. 8, "Gil", p.9,"A. Ricarte inv. et sculp. 1761", en 2P\b1\s, y 2 Z\b1\s y "Nº Lop<z>." p. 487.
700 1 _aRamírez, Gabriel.
_9131598
852 4 _aES-MaACL
_jR-2011
_z- Enc. piel original de la época
856 4 _uhttps://bibliotecadigital.jcyl.es/es/consulta/registro.do?id=7218
_zBiblioteca Digital de Castilla y León
999 _c161291
_d161291